Language Quiz

Random Language or Animal Quiz

Animal Adjectives Quiz Stats

 Plays Quiz Updated Oct 11, 2018

Score 0/20 Timer 05:00
0 Plays Today
Animal Adjectives % Correct
CatFeline
94.2%
DogCanine
89.5%
CowBovine
74.6%
HorseEquine
59.3%
PigPorcine
35.8%
BearUrsine
35%
WolfLupine
34%
BirdAvine
30.1%
SheepOvine
22.9%
LionLeonine
18.2%
Animal Adjectives % Correct
TigerTigrine
11%
RabbitLeporine
7.3%
GoatCaprine
6%
MouseMurine
5.8%
FoxVulpine
4.7%
DeerCervine
3.6%
TurtleTerrapine
3%
SealPhocine
1.9%
OwlStrigine
1%
TurkeyMeleagrine
1%

You're not logged in!

Compare scores with friends on all Sporcle quizzes.
OR
Log In

Sporcle TV

Today on Sporcle TV


Watch our educational content, quiz creation guides, and fun videos on Sporcle TV.

Show Comments

Extras

Top Quizzes Today


Score Distribution

Your Account Isn't Verified!

In order to create a playlist on Sporcle, you need to verify the email address you used during registration. Go to your Sporcle Settings to finish the process.

Report this User

Report this user for behavior that violates our Community Guidelines.

Details: